Raptors in human landscapes : adaptations to built and cultivated environments

Αποθηκεύτηκε σε:
Λεπτομέρειες βιβλιογραφικής εγγραφής
Άλλοι συγγραφείς: Bird, David Michael (Επιμελητής έκδοσης), Verland, Daniel E. (Επιμελητής έκδοσης), Negro, Juan Jose (Επιμελητής έκδοσης)
Μορφή: Βιβλίο
Γλώσσα:English
Δημοσίευση: London : Academic Press, c1996
Θέματα:
Ετικέτες: Προσθήκη ετικέτας
Δεν υπάρχουν, Καταχωρήστε ετικέτα πρώτοι!

MARC

LEADER 00000nam a2200000 i 4500
001 1/68706
008 981026s1996 eng d
020 |a 0-12-100130-X 
035 |l 10030249 
040 |a GR-MY-UA  |b    |e aacr 
041 0 |a eng 
082 0 |a 598.9 
245 1 0 |a Raptors in human landscapes :  |b adaptations to built and cultivated environments /  |c edited by David M. Bird, Daniel E. Varland, Juan Jose Negro 
260 |a London :   |b Academic Press,   |c c1996 
300 |a 396 p. 
504 |a Includes bibliographical references and index 
650 0 0 |a Urban animals  |x Congress. 
650 0 0 |a Birds of prey  |x Adaptation  |x Congress. 
700 1 |a Bird, David Michael.  |4 edt 
700 0 |a Verland, Daniel E.  |4 edt 
700 0 |a Negro, Juan Jose.  |4 edt 
852 |a INST  |b LESVOS  |e 19981026  |h 598.9 RAP  |p 005100018536  |q 005100018536  |t BK  |y 0 
901 |a BIBL1-1999-1 
909 |a Λ  |b 059526 
922 |a 1ΕΛΗ  |b 199809  |c ΚΠΣ/ΤΠ  |d ΠΑΠΑΣΩΤΗΡΙΟΥ 
950 |a 107-1998-07-08 
970 |z 2000/06/ΟΙΚΟΝΟΜΟΠΟΥΛΟΥ ΧΡΙΣΤΙΝΑ